Zmluva o dielo
Čo je obsahom zmluvy o dielo. Náležitosti zmluvy o dielo, dohodnutá cena. Zhotovenie veci na zákazku, záručná doba, odstránenie vady.
Guardado en:
| Autor principal: | |
|---|---|
| Formato: | Capítulo de libro |
| Lenguaje: | eslovaco |
| Materias: | |
| Etiquetas: |
Sin Etiquetas, Sea el primero en etiquetar este registro!
|
MARC
| LEADER | 00000naa a2200000 4500 | ||
|---|---|---|---|
| 001 | 0229614 | ||
| 005 | 20170427082743.1 | ||
| 041 | 0 | |a slo | |
| 044 | |a SK | ||
| 245 | 1 | 0 | |a Zmluva o dielo |c Jozef Jaško |
| 520 | |a Čo je obsahom zmluvy o dielo. Náležitosti zmluvy o dielo, dohodnutá cena. Zhotovenie veci na zákazku, záručná doba, odstránenie vady. | ||
| 610 | 2 | 0 | |a zmluvy o dielo |
| 610 | 2 | 0 | |a zákazky |
| 610 | 2 | 0 | |a ceny |
| 610 | 2 | 0 | |a úpravy právne |
| 100 | 1 | |a Jaško, Jozef | |